Learning Resource and Development

Philosophy of language : (Record no. 3806)

MARC details
000 -LEADER
fixed length control field 00671nam a22002177a 4500
005 - DATE AND TIME OF LATEST TRANSACTION
control field 20230512221903.0
008 - FIXED-LENGTH DATA ELEMENTS--GENERAL INFORMATION
fixed length control field 180430t xxu||||| |||| 00| 0 eng d
020 ## - INTERNATIONAL STANDARD BOOK NUMBER
International Standard Book Number 9780262028455
040 ## - CATALOGING SOURCE
Transcribing agency CSPC
082 0# - DEWEY DECIMAL CLASSIFICATION NUMBER
Classification number 401
Item number M459p
100 ## - MAIN ENTRY--PERSONAL NAME
Personal name McGinn, Colin
Relator term author.
245 00 - TITLE STATEMENT
Title Philosophy of language :
Remainder of title the classics explained
Statement of responsibility, etc. Colin McGinn
300 ## - PHYSICAL DESCRIPTION
Extent 225 pages :
Dimensions 25 cm.
500 ## - GENERAL NOTE
General note Includes Index.
650 10 - SUBJECT ADDED ENTRY--TOPICAL TERM
Topical term or geographic name entry element Language and languages
General subdivision Philosophy.
650 10 - SUBJECT ADDED ENTRY--TOPICAL TERM
Topical term or geographic name entry element Language and languages
Form subdivision Philosophy
General subdivision Textbooks.
940 ## - EQUIVALENCE OR CROSS-REFERENCE--UNIFORM TITLE [OBSOLETE] [CAN/MARC only]
Uniform title <a href="Mar">Mar</a>
942 ## - ADDED ENTRY ELEMENTS (KOHA)
Koha item type
-- CIR 401 M459p 2015
Holdings
Withdrawn status Lost status Damaged status Not for loan Home library Current library Shelving location Date acquired Total Checkouts Full call number Barcode Date last seen Date last checked out Copy number Price effective from Koha item type
        Main Library Main Library Circulation Section 05/12/2023 1 CIR 401 M459p 2015 016903 09/14/2023 09/07/2023 1-2 05/12/2023 Books
        Main Library Main Library Circulation Section 05/12/2023   CIR 401 M459p 2015 016904 05/12/2023   2-2 05/12/2023 Books